Statistiques concernant Capitales avec la lettre A comme deuxième lettre

Cliquez ici pour prendre le quiz!

Statistiques générales

  • Ce quiz a été pris 1 183 fois
  • Le résultat moyen est 33 sur 62

Statistiques - réponses

Capitale% Correct
Paris
96%
Madrid
88%
Washington
85%
Rabat
79%
Canberra
78%
Dacca
70%
Panama
70%
Saint-Marin
70%
Zagreb
66%
Bangkok
65%
Varsovie
65%
Vatican
65%
Bamako
63%
Santiago
63%
Tallinn
63%
Caracas
62%
Dakar
62%
Jakarta
62%
Bagdad
59%
Damas
59%
Manille
58%
Hanoi
57%
La Havane
57%
La Valette
56%
San Salvador
56%
Vaduz
56%
Managua
55%
Manama
55%
Bakou
54%
Sanaa
53%
Kaboul
52%
Nairobi
52%
Katmandou
51%
Paramaribo
51%
San José
51%
Sarajevo
51%
La Paz
50%
Malé
49%
São Tomé
49%
Yaoundé
49%
Yamoussoukro
47%
Bangui
46%
Banjul
46%
Maputo
45%
Mascate
45%
Harare
44%
Saint-Domingue
44%
Nassau
43%
Tachkent
43%
Bandar Seri
Begawan
41%
Saint-Georges
41%
Gaborone
40%
Saint John's
40%
Kampala
39%
Malabo
38%
Basseterre
36%
Maseru
36%
Castries
35%
Yaren
35%
Naypyidaw
33%
Palikir
29%
Tarawa-Sud
26%

Distribution des résultats

Percentile par nombre de réponses

% des personnes avec chaque résultat

Votre développement - résultats

Vous n’avez pas pris ce quiz